مكتبة جامعة عجلون الوطنية

فهرس بحث المكتبة

Normal view MARC view
  • اليهود- فلسطين- تاريخ- العصر البلطمي والسلوقي

Entry Topical Term

Number of records used in: 1

001 - CONTROL NUMBER

  • control field: 10025

003 - CONTROL NUMBER IDENTIFIER

  • control field: JO-AjAnu

005 - DATE AND TIME OF LATEST TRANSACTION

  • control field: 20230606071918.0

008 - FIXED-LENGTH DATA ELEMENTS

  • fixed length control field: 230606|| aca||aabn | a|a d

040 ## - CATALOGING SOURCE

  • Original cataloging agency: JO-AjAnu
  • Transcribing agency: JO-AjAnu

150 ## - HEADING--TOPICAL TERM

  • Topical term or geographic name entry element: اليهود- فلسطين- تاريخ- العصر البلطمي والسلوقي

670 ## - SOURCE DATA FOUND

  • Source citation: Work cat.: (JO-AjAnu)5166: جوهر، هاني عبد العزيز السيد ؛ اشراف قاسم، قاسم عبده, author 10024, اليهود في فلسطين في العصرين البلطمي والسلوقى: المكابيون دراسة في الناحية الدينية والسياسية